000 00633nam a2200193Ia 4500
005 20260114185634.0
008 008 260114s9999 xx 000 0 eng d
020 _a9781474217231
037 _aEBOOK
040 _aCRL
_beng
_cCRL
041 _aeng
_2eng
084 _qCRL
100 _aPeter Adey, David J. Cox and Barry Godfrey
_9872552
245 0 _aCrime, Regulation and Control During the Blitz Protecting the Population of Bombed Cities
260 _bBloomsbury
_c2016
856 _uhttps://doi.org/10.5040/9781474217231?locatt=label:secondary_bloomsburyCollections
942 _cEBOOK
999 _c1471500
_d1471500